| 000 | 00801nam a22002177a 4500 | ||
|---|---|---|---|
| 999 |
_c3943 _d3943 |
||
| 003 | AR-CdUCM | ||
| 008 | 190307b ||||| |||| 00| 0 spa d | ||
| 040 |
_aMUNICIPALIDAD PROVINCIAL DEL CUSCO _cBIBLIOTECA MUNICIPAL DEL CUSCO |
||
| 082 |
_a891.4 / _bN37 |
||
| 100 |
_aNekrasov, Victor _912617 |
||
| 245 | _aUn soviético en Europa / | ||
| 260 |
_aBarcelona : _bEditorial mateu, _c1961. |
||
| 300 |
_a270 paginas ; _c18 cm. |
||
| 505 | _aContenido :París un idilio con policías -- Encuentros diversos --Comidas y amigos -- Arquitectura fascista -- Estoy enamorado de los italianos ... | ||
| 650 |
_aLiteratura italiana _9615 |
||
| 650 |
_aLiteratura del siglo XX _97647 |
||
| 650 |
_aItalia la moderna _912618 |
||
| 700 |
_aRoca, Arturo (traductor) _912619 |
||
| 942 |
_2ddc _cLIBROS |
||
| 945 | _arum | ||